Philippines Provincial Capitals (with Map) - Statistics

General Stats
  • This quiz has been taken 99 times
  • The average score is 35 of 84
Answers on the Map
Answers color-coded by a green-red scale on the quiz's map according to % correct below.
 
Answer Stats
Answer % Correct
Laoag
76%
Vigan
76%
Manila
71%
Tuguegarao
67%
Cebu
62%
Lingayen
62%
Basco
60%
Iloilo
60%
Puerto Princesa
60%
Batangas City
57%
Dumaguete
57%
Sorsogon
57%
Antipolo
55%
Baler
55%
Daet
55%
Legazpi
55%
Masbate
55%
La Trinidad
52%
Romblon
52%
Bacolod
50%
Iba
50%
Ilagan
50%
Imus
50%
Lucena
50%
Malolos
50%
Virac
50%
Balanga
48%
Bangued
48%
Cabarroguis
48%
Pili
48%
San Jose
48%
Santa Cruz
48%
Tacloban
48%
Tagbilaran
48%
Bayombong
45%
Bontoc
45%
Kalibo
45%
Roxas
45%
Tabuk
45%
Tarlac City
45%
Calapan
43%
Jolo
43%
Kabugao
43%
Lagawe
43%
Palayan
43%
Siquijor
43%
Trece Martires
40%
Boac
38%
Cagayan de Oro
38%
Catbalogan
38%
Isabela
38%
Jordan
38%
Naval
38%
Maasin
36%
Catarman
33%
Malaybalay
33%
Mamburao
33%
Mati
33%
San Jose de Buenavista
33%
Borongan
31%
Marawi
31%
Prosperidad
31%
San Fernando (La Union)
31%
Digos
29%
San Fernando (Pampanga)
29%
Alabel
26%
Bongao
26%
Cabadbaran
26%
Dipolog
26%
Ipil
26%
Kidapawan
26%
Koronadal
26%
Pagadian
26%
Surigao City
26%
Tagum
26%
Malita
24%
Mambajao
24%
Oroquieta
24%
Tandag
21%
Tubod
17%
Buluan
14%
Datu Odin Sinsuat
14%
Isulan
14%
Nabunturuan
14%
No matching quizzes found
Score Distribution
Percent of People with Each Score
Percentile by Number Answered
Your Score History
You have not taken this quiz